MARC

LEADER 00000nam0a2200000 4500
001 66840
005 20231031072906.0
035 |a (RuTPU)RU\TPU\book\71123 
035 |a RU\TSPUSRL\book\64568 
090 |a 66840 
100 |a 20040908d1976 m y0rusy50 ca 
101 0 |a rus 
102 |a RU 
105 |a a j 000zy 
200 1 |a Гравиразведка. Интерпретация  |e учебное пособие  |f Д. С. Миков 
210 |a Томск  |c Изд-во ТПУ  |d 1976 
215 |a 88 с. 
610 1 |a геология 
610 1 |a геологоразведочные работы 
610 1 |a гравиразведка 
610 1 |a интерпретация 
610 1 |a учебные пособия 
675 |a 550.831(075.8) 
700 1 |a Миков  |b Д. С.  |g Дмитрий Степанович 
801 0 |a RU  |b TSPUSRL  |g PSBO 
801 1 |a RU  |b 63413507  |c 20040908  |g PSBO 
801 2 |a RU  |b 63413507  |c 20161115  |g PSBO 
900 |a Гравимагнитная разведка 
900 |a Гравиразведка 
942 |c BK